Yanni Discography - Statistics

General Stats
  • This quiz has been taken 5 times
    2 since last reset
  • The average score is 8 of 57
Answer Stats
Type Year Name % Correct
Album 1988 Chameleon Days
100%
Live Album 1994 Live at the Acropolis
100%
Album 2011 Truth of Touch
100%
Album 1992 DARE to dream
50%
Compilation 1997 Devotion: The Best of Yanni
50%
Album 2003 Ethnicity
50%
Soundtrack 1988 Heart of Midnight
50%
Album 1993 In My Time
50%
Album 2014 Inspirato
50%
Album 1986 Keys to Imagination
50%
Album 1984 Optimystique
50%
Live Album 2016 The Dream Concert: Live from the Great Pyramids of Egypt
50%
Live Album 1997 Tribute
50%
Compilation 1994 A Collection of Romantic Themes
0%
Soundtrack 1990 Children of the Bride
0%
Compilation 2008 Collections
0%
Compilation 1997 Enraptured: A Collection of Yanni Favorites
0%
Compilation 1998 Forbidden Dreams: Encore Collection, Vol. 2
0%
Soundtrack 2015 Hexi Corridor
0%
Soundtrack 1994 Hua Qi Shao Lin
0%
Album 2000 If I Could Tell You
0%
Soundtrack 1989 I Love You Perfect
0%
Compilation 1991 In Celebration of Life
0%
Album 2020 In His Purest Form
0%
Compilation 1997 In the Mirror
0%
Live Album 2012 Live at El Morro, Puerto Rico
0%
Live Album 1995 Live at Royal Albert Hall
0%
Compilation 1999 Love Songs
0%
Album 2010 Mexicanisimo
0%
Reissued Album 2012 My Passion for Mexico
0%
Compilation 1997 Nightbird
0%
Album 1989 Niki Nana
0%
Album 1987 Out of Silence
0%
Compilation 2013 Playlist: The Very Best of Yanni
0%
Compilation 1997 Port of Mystery
0%
Compilation 1990 Reflections of Passion
0%
Compilation 1992 Romantic Moments
0%
Album 2016 Sensuous Chill
0%
Soundtrack 1990 She'll Take Romance
0%
Compilation 2000 Snowfall
0%
Compilation 2000 Soaring Free
0%
Compilation 1999 Someday
0%
Compilation 1999 Songs from the Heart
0%
Soundtrack 1988 Steal the Sky
0%
Compilation 2007 Super Hits
0%
Compilation 2006 The Collection
0%
Compilation 1999 The Endless Dream
0%
Compilation 2010 The Essential Yanni
0%
Compilation 2010 The Inspiring Journey
0%
Compilation 1999 The Private Years
0%
Compilation 2000 The Very Best of Yanni
0%
Compilation 2003 Ultimate Yanni
0%
Soundtrack 1990 When You Remember Me
0%
Compilation 1999 Winter Light
0%
Live Album 2006 Yanni Live! The Concert Event
0%
Album 2009 Yanni Voices
0%
Live Album 2009 Yanni Voices
0%
No matching quizzes found
Score Distribution
Percent of People with Each Score
Percentile by Number Answered
Your Score History
You have not taken this quiz since the last reset